Normal view
MARC view
- العقيدة الاسلامية- علم الكلام- التوحيد
Entry Topical Term
001 - CONTROL NUMBER
- control field: 53246
003 - CONTROL NUMBER IDENTIFIER
- control field: JO-AjAnu
005 - DATE AND TIME OF LATEST TRANSACTION
- control field: 20230606082739.0
008 - FIXED-LENGTH DATA ELEMENTS
- fixed length control field: 230606|| aca||aabn | a|a d
040 ## - CATALOGING SOURCE
- Original cataloging agency: JO-AjAnu
- Transcribing agency: JO-AjAnu
150 ## - HEADING--TOPICAL TERM
- Topical term or geographic name entry element: العقيدة الاسلامية- علم الكلام- التوحيد
670 ## - SOURCE DATA FOUND
- Source citation: Work cat.: (JO-AjAnu)27203: الخياط، عبد العزيز عزت, author 53245, أبحاث في العقيدة وعلم التوحيد وفلسفة الإسلام